000 00971nam a22003370a 4500
001 PT46525
003 AR-LpoUNG
005 20210131231133.0
008 191001s2004||||xxk|||||||||||||||||eng d
020 _a0415307252
_c$56
040 _aAR-LpoUNG
_bspa
_cAR-LpoUNG
_eaacr
041 _aeng
044 _axxk
082 0 _a910.011 3 696exp
100 1 _aRodriguez Bachiller, Agustín
245 1 0 _aExpert systems and geographical information systems for impact assessment
250 _a1ª ed.
260 _aLondon :
_bTaylor & Francis,
_c2004.
300 _avii, 400 p. :
_bgráfs.
650 4 _aDISTRIBUCION GEOGRAFICA
650 4 _aECONOMIA AMBIENTAL
650 4 _aEVALUACION DEL IMPACTO AMBIENTAL
650 4 _aMEDIO AMBIENTE
650 4 _aPROTECCION DEL PAISAJE
650 4 _aSISTEMAS DE INFORMACION GEOGRAFICA
651 4 _aDOCUMENTOS TEORICOS O METODOLOGICOS
653 _aSIG
700 1 _aGlasson, John
905 _a46525
942 _cLIB
999 _c8220
_d8220